| 000 | 00377nam a2200133Ia 4500 | ||
|---|---|---|---|
| 008 | 231129s1977||||xx |||||||||||||| ||spa|| | ||
| 020 | _a84-217-4124-1 | ||
| 082 | _aHAJ- 0170 | ||
| 100 | _aWelter Gustave | ||
| 245 | 0 | _aEl amor entre los primitivos | |
| 260 | _c1977 | ||
| 264 | _aBarcelona: Pierre Horay et Cie 1977 | ||
| 942 |
_2ddc _cBKS |
||
| 999 |
_c10179 _d10179 |
||